000 03275nam0a2200409 4500
001 RU\NLR\BIBL_A\012909703
005 20221214122600.0
010 _a978-5-6048229-1-3
_91000
021 _aRU
_bКН-П-22-057998
_9КН-П-22-5037
035 _a(NLR Aleph) 012909703
035 _a(RuMoRGB)011195956
090 _a12610283
_c12610283
100 _a20221014d2022 u y0rusy50 ca
101 0 _arus
102 _aRU
105 _aa j 000zy
181 0 _ai
_baxxe
182 0 _an
200 1 _aМашины и технологии в животноводстве
_e(учебник)
_eдля обучающихся по аграрным и инженерно-техническим направлениям
_fМохнаткин В. Г., Солонщиков П. Н., Поярков М. С. [и др.]
_gпод общей редакцией Заслуженного изобретателя Российской Федерации, доктора технических наук, профессора Мохнаткина В. Г.
_gМинистерство сельского хозяйства Российской Федерации, Федеральное государственное бюджетное образовательное учреждение высшего образования "Вятский государственный агротехнологический университет", Инженерный факультет, Кафедра технологического и энергетического оборудования
203 _aТекст
_bвизуальный
_cнепосредственный
210 _aКиров
_cРадуга-ПРЕСС
_d2022
215 _a461 с.
_cил.
_d21
300 _aНа обл. авт. не указаны
320 _aБиблиогр.: с. 459-460 (20 назв.)
330 _aУчебник разработан в соответствии с программой курса "Машины и технологии в животноводстве", для обучающихся по аграрным и инженерно-техническим направлениям, под общей редакцией Заслуженного изобретателя Российской Федерации, Почётного работника АПК РФ, доктора технических наук, профессора Мохнаткина В. Г
606 1 _aЖивотноводство
_jУчебники для высших учебных заведений
_xТехнологические процессы
_92398720
_3RU\NLR\AUTH\661430000
606 1 _aЖивотноводческие фермы
_jУчебники для высших учебных заведений
_xОборудование
_9915595
_3RU\NLR\AUTH\6615585
675 _a631.3:636(075.8)
_v4
686 1 _aП5я73-1
686 1 _aП071.5я73-1
701 1 _aМохнаткин
_bВ. Г.
_gВиктор Германович
701 1 _aСолонщиков
_bП.Н.
_gПавел Николаевич
701 1 _aПоярков
_bМ. С.
_gМихаил Сергеевич
942 _cBOOK
980 _aNB